<?xml version="1.0" encoding="UTF-8"?>
<marc:record xmlns:marc="http://www.loc.gov/MARC21/slim">
   <marc:leader>00000nam a2200000 a 4500</marc:leader>
   <marc:datafield ind1="1" ind2=" " tag="100">
      <marc:subfield code="a">Henß, Rita</marc:subfield>
      <marc:subfield code="4">aut</marc:subfield>
      <marc:subfield code="e">Verfasser/-in</marc:subfield>
   </marc:datafield>
   <marc:datafield ind1="1" ind2=" " tag="100">
      <marc:subfield code="a">Anzenberger, Toni</marc:subfield>
      <marc:subfield code="4">ill</marc:subfield>
      <marc:subfield code="e">Illustrator/-in</marc:subfield>
   </marc:datafield>
   <marc:datafield ind1=" " ind2=" " tag="653">
      <marc:subfield code="a">Softcover / Reisen/Reiseführer/Europa</marc:subfield>
   </marc:datafield>
   <marc:datafield ind1=" " ind2=" " tag="653">
      <marc:subfield code="a">Führer</marc:subfield>
   </marc:datafield>
   <marc:datafield ind1="0" ind2="0" tag="245">
      <marc:subfield code="a">Italien, Norden</marc:subfield>
   </marc:datafield>
   <marc:datafield ind1="0" ind2="0" tag="245">
      <marc:subfield code="b">von Bozen bis Bologna, die schönsten Städte und Landschaften : Biennale &amp; Co., Modemessen in Mailand, Kunst in Venedig</marc:subfield>
   </marc:datafield>
   <marc:datafield ind1="0" ind2="0" tag="245">
      <marc:subfield code="c">Text: Rita Henss ; Exklusiv-Fotografie: Toni Anzenberger</marc:subfield>
   </marc:datafield>
   <marc:datafield ind1=" " ind2="1" tag="264">
      <marc:subfield code="a">Ostfildern</marc:subfield>
      <marc:subfield code="b">DuMont Reiseverlag</marc:subfield>
      <marc:subfield code="c">2019</marc:subfield>
   </marc:datafield>
   <marc:datafield ind1="1" ind2=" " tag="490">
      <marc:subfield code="a">Bildatlas</marc:subfield>
      <marc:subfield code="v">Nr. 215</marc:subfield>
   </marc:datafield>
   <marc:datafield ind1=" " ind2=" " tag="250">
      <marc:subfield code="a">1. Auflage</marc:subfield>
   </marc:datafield>
   <marc:datafield ind1="1" ind2=" " tag="520">
      <marc:subfield code="a">Angaben aus der Verlagsmeldung

DuMont Bildatlas 215 Italien Norden / von Rita Henss

Herrliche Küstenabschnitte, Gebirgslandschaften und historische Städte mit bedeutenden Kulturdenkmälern - der Norden Italiens ist so vielfältig, dass Sie sich am besten viel Zeit nehmen. Aktivurlaub, Badeurlaub, Studienreise. Geht alles. In fünf Kapiteln liefern wir Ihnen tolle Aufnahmen und geben Ihnen einen Überblick über den Norden Italiens. Unsere Autorin Rita Henss sagt Ihnen was Sie auf keinen Fall versäumen dürfen – dazu alles rund um Ausflüge, Märkte und Museen, ausgesuchte Hotels und Restaurants sowie alle wichtigen Anschriften, Öffnungszeiten und Internet-Links. Die eingestreuten Hintergrundreportagen und Specials greifen kritisch aktuelle und interessante Themen auf, die unterhaltsam zu lesen sind. Den Abschluss eines jeden Kapitels bilden Infoseiten mit allen wichtigen Sehenswürdigkeiten, die auf der nebenstehenden detaillierten Reisekarte leicht zu lokalisieren sind. Besondere Empfehlungen der Autorin finden sich in den DuMont Aktivtipps: Wandern in den Alpen, Segeln im Golf von Triest oder Stand Up Paddling am Gardasee. Hobbyköche sind auf dem Weingut Marrone willkommen – kochen Sie mit Mamma Giovanna piemontesische Gerichte und das am besten, während Sie Ihren Lieblingswein trinken. Abgerundet wird der Bildatlas durch das Servicekapitel, das praktische und allgemeine Informationen für die Vorbereitung der Reise beinhaltet. Begeben Sie sich mit dem Bildatlas auf Entdeckungsreise….

 
</marc:subfield>
   </marc:datafield>
   <marc:datafield ind1=" " ind2=" " tag="020">
      <marc:subfield code="a">9783770195121</marc:subfield>
      <marc:subfield code="9">9783770195121</marc:subfield>
   </marc:datafield>
   <marc:datafield ind1=" " ind2=" " tag="020">
      <marc:subfield code="a">3770195124</marc:subfield>
      <marc:subfield code="9">3770195124</marc:subfield>
   </marc:datafield>
   <marc:datafield ind1=" " ind2=" " tag="041">
      <marc:subfield code="a">ger</marc:subfield>
   </marc:datafield>
   <marc:datafield ind1=" " ind2=" " tag="300">
      <marc:subfield code="a">125 Seiten</marc:subfield>
   </marc:datafield>
</marc:record>
